000 00311nam a22001337a 4500
008 171019b xxu||||| |||| 00| 0 eng d
020 _a9780131852167
041 _aeng
080 _22ND
_a338
100 _a53
101 _aMEN
245 _aINTRODUCTION TO MATERIALS MANAGEMENT
_cARNOLD,J.R
942 _2udc
_cBK
999 _c34923
_d34923